01345nam a22002777a 4500001000400000003000400004005001700008008004100025020001800066040000800084041001300092082001700105100003100122240003600153245011400189260003300303300001100336520054700347650002500894650002800919650002500947650001700972650002700989655002101016700003001037426OSt20250616145207.0250616b |||||||g |||| 00| 0 eng d a9788576792406 bpor hengapor a158.1bH647r1 aHill, Napoleon,d1883-1970 aNapoleon Hill's Golden Rules /  aAs regras de ouro de Napoleon Hill : bOs escritos perdidos /cHill, Napoleon; Tradução de Grace Khawaili aOsascobNovo Século c2009 a206 p. a'As Regras de Ouro de Napoleon Hill - Os Escritos Perdidos' reúne uma série de artigos que o autor escreveu entre 1919 e 1923 para revistas publicadas por ele. Os artigos focam na filosofia de Napoleon Hill sobre o sucesso e o potencial humano. A carreira de Napoleon Hill como escritor teve início na revista Bob Taylor´s Magazine. Seu dever era escrever histórias de sucesso. Quando foi enviado para entrevistar Andrew Carnegie, Hill foi desafiado a entrevistar pessoas bem-sucedidas e a desenvolver uma filosofia para o sucesso.  0aLiteratura Americana 0aDesenvolvimento Pessoal 0aFilosofia do sucesso 0aNapoleon Hil 0aCarreira e liderança 0aNão Ficção aKhawaili, GraceeTRADUTOR